Maranthika ADS handunaganna walakwaganna (Record no. 3415)
[ view plain ]
| 000 -LEADER | |
|---|---|
| fixed length control field | 00417nam a2200157Ia 4500 |
| 005 - DATE AND TIME OF LATEST TRANSACTION | |
| control field | 20250701161344.0 |
| 008 - FIXED-LENGTH DATA ELEMENTS--GENERAL INFORMATION | |
| fixed length control field | 240331s9999 xx 000 0 und d |
| 020 ## - INTERNATIONAL STANDARD BOOK NUMBER | |
| ISBN | 9552006406 |
| 082 ## - DDC Classification | |
| Item Number - Author Mark | RAJ |
| Class No. | 613 |
| 100 ## - MAIN ENTRY--PERSONAL NAME | |
| Personal name | Rajapakshe,D.S.N |
| 245 #0 - TITLE STATEMENT | |
| Title | Maranthika ADS handunaganna walakwaganna |
| 260 ## - PUBLICATION, DISTRIBUTION, ETC. | |
| Place of publication, distribution, etc. | Colombo |
| Name of publisher, distributor, etc. | S. Godage & Brothers |
| Date of publication, distribution, etc. | 1992 |
| 300 ## - PHYSICAL DESCRIPTION | |
| Extent (e.g. Volumes, Pages etc.) | 96 p ., |
| 500 ## - GENERAL NOTE | |
| General note | A book on Avoid getting AIDS |
| 942 ## - Koha item type (Biblio) | |
| Koha item type | Books in Stacks (Lending) |
| Lost status | Damaged status | Collection code | Home library | Current library | Shelving location | Date acquired | Full call number | Accession Number | Item type |
|---|---|---|---|---|---|---|---|---|---|
| Lending | WERC Library | WERC Library | Social Science Cupboard | 03/31/2024 | 613 RAJ | 1039 | Books in Stacks (Lending) |
